Sổ tay hỏi - đáp các vấn đề môi trường - giải đáp thắc mắc của cử tri, đại biểu quốc hội

Uloženo v:
Podrobná bibliografie
Korporativní autor: Cục bảo vệ môi trường
Médium: Kniha
Jazyk:Vietnamese
Vydáno: H. 2006
Témata:
Tagy: Přidat tag
Žádné tagy, Buďte první, kdo otaguje tento záznam!
Thư viện lưu trữ: Mạng thư viện Đại học Đà Nẵng
LEADER 01026nam a2200313 4500
001 000013470
003 9812
005 20120316070315.0
008 120316s2006 viesd
041 0 |a vie 
082 |a 363.7  |b Sot 
110 |a Cục bảo vệ môi trường 
245 0 |a Sổ tay hỏi - đáp các vấn đề môi trường - giải đáp thắc mắc của cử tri, đại biểu quốc hội 
260 |a H.  |c 2006 
300 |a 111 tr.  |c 19 cm 
653 |a Sổ tay 
653 |a Hỏi- đáp 
653 |a Môi trường 
653 |a Cử tri 
OWN |a LSP 
AVA |a UDN50  |b LSP  |d 363.7 Sot  |e available  |t Error 5001 Not defined in file expand_doc_bib_avail.  |f 3  |g 0  |h N  |i 0  |k 1 
999 |a From the UDN01 
AVA |a UDN50  |b LSP  |d 363.7 Sot  |e available  |t Error 5001 Not defined in file expand_doc_bib_avail.  |f 3  |g 0  |h N  |i 0  |k 1 
TYP |a Monograph 
TYP |a Printed language 
980 |a Mạng thư viện Đại học Đà Nẵng